000 00531nam a2200193Ia 4500
003 GCL
008 140319s9999 xx 000 0 ara d
040 _aGCL /
_cGCL
082 0 4 _a792.015
_bل ت
100 1 _aيوسف نور عوض
245 1 0 _aتاريخ المسرح العربى /
_cيوسف نور عوض
700 1 _aلاندو
300 _a116
490 _a100 قصة
_v0
650 0 4 _aالمسرح العربى
650 0 4 _aتاريخ ونقد
650 0 4 _aالمسرحيات العربية
942 _2ddc
_cBK
999 _c43891
_d43891